Memoirs of a Da;ot Civil Servant (Record no. 19681)

MARC details
000 -LEADER
fixed length control field 00327nam a22001337a 4500
020 ## - INTERNATIONAL STANDARD BOOK NUMBER
ISBN 9788192116792
082 ## - DEWEY DECIMAL CLASSIFICATION NUMBER
Classification number 920.7 BHA
100 ## - MAIN ENTRY--AUTHOR NAME
Author name Bharat, Bhushan
245 ## - TITLE STATEMENT
Title Memoirs of a Da;ot Civil Servant
260 ## - PUBLICATION, DISTRIBUTION, ETC. (IMPRINT)
Place of publication Hyderabad
Name of publisher Bhoomi PUblications
Year of publication 2015
300 ## - PHYSICAL DESCRIPTION
Number of Pages 371
650 ## - SUBJECT ADDED ENTRY--TOPICAL TERM
Topical Term utobiography-Barat Bhushan
942 ## - ADDED ENTRY ELEMENTS (KOHA)
Koha item type Books
Holdings
Home library Current library Date acquired Cost, normal purchase price Full call number Accession Number Koha item type
Henry Martyn Institute Library Henry Martyn Institute Library 09/08/2015 395.00 920.7 BHA 11-3313 General Stack Book
                   Copyright © 2026 | Henry Martyn Institute | Hyderabad | TS-500052 | INDIA | Implemented by hmi.edu.in
Hit-Count:

Powered by Koha